[Event "Norwood Centenary"]
[Site "Norwood"]
[Date "1990.04.15"]
[Round "3.2"]
[White "Clarke, Richard"]
[Black "Thompson, Alan"]
[Result "1/2-1/2"]
[WhiteElo "1625"]
[BlackElo "1770"]
[PlyCount "40"]
[EventDate "1990.04.14"]
[EventType "swiss"]
[EventRounds "6"]
[EventCountry "AUS"]

1. e4 e5 2. Nf3 Nc6 3. Bb5 a6 4. Bxc6 dxc6 5. O-O {
Ruy Lopez [Exchange Variation]} Bg4 6. h3 Bxf3 7. Qxf3 Qf6 8. Qxf6 (8. Qb3
O-O-O 9. d3 g5 10. Be3 h5 11. f3 Bh6 12. Qc3 Qe7 13. g4 Nf6 14. Nd2 Qe6 15. Qb3
Qd7 16. Nc4 Rde8 17. Qc3 Qe6 18. Kf2 Bg7 19. Rh1 Nh7 20. a4 f6 21. b4 Nf8 22.
b5 hxg4 23. fxg4 axb5 24. axb5 Ng6 25. Na5 Nf4 26. bxc6 Nxh3+ 27. Rxh3 Rxh3 28.
Nxb7 Rh2+ 29. Kg3 Rg2+ 30. Kxg2 Qxg4+ 31. Kf2 {
1-0 Videki,S-Gutierrez/Badalona op 1995/EXP 49 (31)}) 8... Nxf6 9. d3 Bc5 $146
(9... Bd6 10. Nd2 Nd7 11. Nc4 O-O 12. f4 f6 13. Be3 exf4 14. Bxf4 Bxf4 15. Rxf4
Rfe8 16. Raf1 Ne5 17. Ne3 Rad8 18. Kh2 c5 19. g4 c4 20. dxc4 Ng6 21. R4f2 Rxe4
22. Nf5 Rxc4 23. Kg3 Re8 24. Rd1 {
Holler,M-Faust,M/Dortmund op-A 1993/TD 93\06/1/2-1/2 (46)}) 10. Be3 Bxe3 11.
fxe3 O-O 12. Nc3 b5 13. Rf5 Rfe8 14. Raf1 c5 15. g4 h6 16. Nd5 Nxd5 17. exd5 f6
18. e4 Rad8 19. Kf2 Rd6 20. Ke3 c6 1/2-1/2

[Event "Norwood Centenary"]
[Site "Norwood"]
[Date "1990.04.15"]
[Round "3.3"]
[White "Zaric, Srboljub"]
[Black "Djelaj, Pasko"]
[Result "1-0"]
[WhiteElo "2180"]
[BlackElo "1755"]
[PlyCount "67"]
[EventDate "1990.04.14"]
[EventType "swiss"]
[EventRounds "6"]
[EventCountry "AUS"]

1. e4 e5 2. Nf3 Nc6 3. Bb5 Bc5 4. O-O Nge7 5. c3 {Ruy Lopez [Classical Defence]
} Bb6 6. d4 (6. h3 O-O 7. d4 exd4 8. cxd4 d5 9. e5 Nf5 10. Bxc6 bxc6 11. Bg5
Qe8 12. g4 Ne7 13. Qd2 Be6 14. Nc3 Qd7 15. Nh2 c5 16. f4 cxd4 17. Ne2 d3+ 18.
Kh1 dxe2 19. Qxe2 d4 20. f5 Qc6+ {Nohr,J-Heymann,A/Lingen 1995/0-1 (32)}) 6...
exd4 7. cxd4 Ng6 $146 (7... d5 8. Nc3 O-O 9. Bg5 (9. e5 Bg4 10. Be3 Bxf3 11.
gxf3 Kh8 12. Kh1 f5 13. f4 g5 14. Ne2 Ng6 15. Bxc6 bxc6 16. Qd2 gxf4 17. Nxf4
Nxf4 18. Bxf4 c5 19. Bg5 Qe8 20. Bf6+ Rxf6 21. exf6 Qe4+ 22. f3 Qxd4 23. Qh6
Rg8 24. Rg1 {1-0 Ratcu,K-Krivec,J/WchJW-U14 Bratislava 1993/TD 93\05 (24)})
9... f6 10. Be3 Kh8 (10... dxe4 11. Nxe4 Nf5 12. d5 Nce7 13. Bxb6 axb6 14. Nc3
Kh8 15. Re1 Nd6 16. Nd4 Nxb5 17. Ndxb5 Nf5 18. Qf3 Bd7 19. Rad1 Nh6 20. Qf4
Bxb5 21. Nxb5 Rf7 22. Rc1 c6 23. dxc6 bxc6 24. Rxc6 Re7 25. Rec1 {
Ljubicic,F-Mujagic,R/JUG-sf Kladovo 1990/TD 90\01/1-0 (46)}) 11. Rc1 Bg4 12.
exd5 Nxd5 13. h3 Bh5 14. Bxc6 bxc6 15. Ne4 Qe8 16. Ng3 Nxe3 17. fxe3 Qxe3+ 18.
Kh1 Bxf3 19. Rxf3 Qxd4 20. Qc2 Rae8 21. Nf5 Qd5 22. Rcf1 Qxa2 23. Rg3 g6 24.
Nh4 Qf7 25. Nxg6+ hxg6 26. Rxg6 f5 27. Qc3+ Kh7 28. Rg5 Re3 29. Qc2 Qd5 30.
Rh5+ Kg6 31. Rh4 Rf6 {
0-1 Bazaj Bockai,S-Basagic,V/Manila olw 1992/TD 92\07 (31)}) 8. Bg5 Nce7 9. Nc3
c6 {Controls d5} 10. Bd3 h6 11. Be3 d6 {Covers e5} 12. Qd2 Bg4 13. Ne1 Bd7 $11
(13... d5 14. e5 $15) 14. f4 f5 15. e5 {White gets more space} d5 {
The passed pawn on e5 will become decisive later} 16. b4 Be6 {
Blocks the pawn on e5} 17. Na4 h5 $16 (17... Bc7 18. Nc5 Bc8 19. Nf3 $14) 18.
Nf3 Ng8 19. Rfc1 Nh6 20. Nc5 {White gets the initiative} Qe7 21. a4 O-O 22. a5
Bd8 23. a6 b6 24. Nb7 Bd7 25. Qe2 Qxb4 26. Nd6 {The white knight on an outpost}
Be7 $2 $18 (26... Nh4 $142 $14 {and Black hangs on}) 27. Rcb1 $14 (27. Bd2 $142
$5 Bxd6 28. Bxb4 Bxb4 29. g3 $18) 27... Bxd6 28. Rxb4 {
White begins to deal mighty blows} Bxb4 29. Ng5 Ng4 $18 (29... h4 $5 $16) 30.
h3 Bc3 (30... Nh6 31. Qxh5 Ne7 32. Bf2 $18) 31. Rf1 (31. hxg4 Bxa1 32. e6 Nxf4
33. Bxf4 Bxd4+ 34. Kh1 Be8 (34... fxg4 35. exd7 Be5 36. Bh7+ Kh8 37. Bxe5 $18)
35. Bxf5 Bc5 $18) 31... c5 $2 (31... Nh6 32. Qxh5 Ne7 $18) 32. hxg4 hxg4 33. g3
(33. dxc5 $5 {and White can already relax} Ba5 $18) 33... cxd4 (33... Rfc8 {
is still a small chance} 34. Qh2 Nf8 $18) 34. Qh2 $1 {
the decision. The mate threat is Qh7} (34. Qh2 Rf7 35. Qh7+ Kf8 36. Qxg6 $18)
1-0

[Event "Norwood Centenary"]
[Site "Norwood"]
[Date "1990.04.15"]
[Round "3.4"]
[White "Corner, Michael"]
[Black "MacIlwain, Robert"]
[Result "1-0"]
[WhiteElo "1920"]
[BlackElo "1850"]
[PlyCount "65"]
[EventDate "1990.04.14"]
[EventType "swiss"]
[EventRounds "6"]
[EventCountry "AUS"]

1. d4 Nf6 2. c4 g6 3. Nc3 d5 4. cxd5 Nxd5 5. e4 Nxc3 6. bxc3 Bg7 7. Nf3 O-O 8.
Be2 c5 9. O-O Nc6 10. Be3 cxd4 11. cxd4 Bg4 {Grunfeld Defence [Main Line]} 12.
d5 Na5 (12... Bxf3 13. Bxf3 Bxa1 14. Qxa1 Na5 15. Bh6 f6 16. Bg4 Nc4 17. Be6+
Kh8 18. Rb1 Qc7 19. Bxf8 Rxf8 20. Qc3 Rd8 21. Rb4 b5 22. Rxb5 a5 23. g3 Rd6 24.
Rb1 {1-0 Khalifman,A-Roos,D/EUCup Vilnius 1995/EXP 50 (24)}) 13. Rb1 (13. Rc1
b6 14. Nd4 Bxe2 15. Qxe2 Qd7 16. Qb5 Rfd8 17. Qxd7 Rxd7 18. Nc6 Nxc6 19. Rxc6
f5 20. f3 Be5 21. Rfc1 Kf7 22. R1c2 fxe4 23. fxe4 Rd6 24. Rxd6 Bxd6 25. Bd4 e5
26. Rc6 exd4 27. Rxd6 Re8 {
Matamoros Franco,C-Clavijo,J/Capablanca mem-C 1996/EXP 52/0-1 (39)}) 13... b6
14. Nd4 $146 (14. Bd4 Bxd4 15. Qxd4 Bxf3 16. Bxf3 Rc8 17. Rbc1 Qd6 18. Qe3 Qb4
19. h4 Qb2 20. Bg4 Rc4 21. Rxc4 Nxc4 22. Qe2 Qxe2 23. Bxe2 Nd2 24. Rc1 Nxe4 25.
Rc7 Nf6 26. Bc4 a5 27. Rxe7 Rc8 28. Bb3 a4 {
Seidemann,U-Koglin,A/BLW9293 1993/BIG 90/1-0 (62)}) (14. Qa4 Rc8 15. Rfc1 Rxc1+
16. Rxc1 Bxf3 17. Bxf3 Qd6 18. Bd2 Be5 19. g3 Qf6 20. Kg2 Bd4 21. h4 e5 22. Bb4
Rb8 23. Rc7 Qd8 24. Rxa7 Nb7 25. Qc6 Nc5 26. d6 Qf6 27. Be2 Ne6 28. Ra8 Rxa8 {
Matamoros,C-Kheir,A/Dubai olm 1986/TD 86\02/1-0 (47)}) 14... Bxe2 15. Qxe2 Qd7
16. Rfc1 Rfc8 17. Qa6 Kf8 18. Qb5 Ke8 19. Nc6 Nxc6 20. Rxc6 {
An ideal square for the white rook.} Rxc6 21. dxc6 {Is this a dangerous pawn?}
Qc7 22. g3 Rc8 23. Rc1 e6 24. a4 Bf8 25. f4 $11 (25. Bf4 Bd6 26. Bxd6 Qxd6 27.
c7+ Qd7 $14) 25... h5 26. f5 {This push gains space} Bd6 27. fxe6 fxe6 28. Qc4
Qe7 29. Bg5 $11 {The bishop is not easily driven from g5} (29. Qd4 Kf7 30. e5
Ba3 $14) 29... Bc5+ 30. Kg2 Qd6 (30... Qxg5 $4 {
taking the bishop will lose the game} 31. Qxe6+ Qe7 32. Qxc8+ Kf7 33. Rf1+ Kg7
34. Qf8+ Qxf8 35. Rxf8 $18) 31. Rd1 $15 (31. Qc3 $5 Qd4 32. Qxd4 Bxd4 33. Kf3
$11) 31... Qxc6 32. Kh3 Be3 $4 $18 {throws away the game} (32... a5 $142 $15 {
would be a reprieve}) 33. Rd8+ $3 {the final blow} (33. Rd8+ Rxd8 34. Qxc6+ Kf8
35. Bxd8 $18) 1-0

[Event "Norwood Centenary"]
[Site "Norwood"]
[Date "1990.04.15"]
[Round "3.5"]
[White "Steffensen, Dennis A"]
[Black "Freytag, Justin"]
[Result "1-0"]
[WhiteElo "1685"]
[BlackElo "1905"]
[PlyCount "120"]
[EventDate "1990.04.14"]
[EventType "swiss"]
[EventRounds "6"]
[EventCountry "AUS"]

1. d4 Nf6 2. c4 g6 3. g3 Bg7 4. Bg2 O-O 5. Nf3 d6 6. O-O c6 7. Nc3 Nbd7 8. Qc2
e5 9. e4 exd4 10. Nxd4 Re8 {King's Indian Defence [Fianchetto Variation]} 11.
Rd1 Ne5 (11... Qb6 12. h3 Nxe4 13. Na4 Qa5 14. Bxe4 Bxd4 15. Rxd4 Qe1+ 16. Kg2
c5 17. Rxd6 Qxe4+ 18. Qxe4 Rxe4 19. b3 b6 20. Be3 Re6 {
1/2-1/2 Matlak,M-Wojtkiewicz,A/POL-chT Lubniewice 1993/TD 93\08 (20)}) (11...
Qc7 12. h3 a6 13. Be3 Rb8 14. Rac1 Ne5 15. b3 c5 16. Nde2 Be6 17. f4 Nc6 18.
Qd2 Rbd8 19. g4 Qe7 20. Bf2 h6 21. Bf3 Bc8 22. Bh4 Qf8 23. Kg2 Rd7 24. a4 b5
25. axb5 axb5 26. cxb5 {Buturin,V-Tomescu,V/Decin op 1996/EXP 53/1/2-1/2 (69)})
12. b3 $146 {Secures c4} (12. c5 dxc5 13. Nf5 Nfd7 14. Nxg7 Kxg7 15. f4 Ng4 16.
h3 Nh6 17. b3 f6 18. Bb2 Nf7 19. Na4 Qe7 20. Rac1 h5 21. Nxc5 Qxc5+ 22. Qxc5
Nxc5 23. Rxc5 Rd8 24. Rxd8 Nxd8 25. e5 fxe5 26. Rxe5 Kf7 27. Be4 Bxh3 28. Rg5 {
1-0 Trichkov,V-Golubev,M/Katowice op 1992/TD 92\04 (28)}) 12... Qb6 13. h3 {
Covers g4} Nh5 14. Be3 Qc7 15. Rac1 a5 16. a3 Qe7 17. Qd2 a4 18. b4 $4 $17 {
gives the opponent new chances} (18. Nxa4 $142 Nf6 19. Bh6 $16) 18... Nxc4 19.
Qe2 Nxe3 $15 (19... Be6 20. b5 Rec8 21. g4 $17) 20. Qxe3 Qf8 21. g4 Bh6 22. g5
Bg7 23. Bf3 $17 (23. b5 Bd7 $15) 23... f5 24. Nxa4 d5 $11 (24... fxe4 $5 {
must definitely be considered} 25. Bxh5 gxh5 $17) 25. Nb6 Rb8 26. Nxc8 Rbxc8
27. b5 $17 (27. Nxf5 gxf5 28. Bxh5 Rxe4 $15) 27... c5 $11 (27... Bxd4 $5 28.
Rxd4 Ng7 $17) 28. Nxf5 gxf5 29. Bxh5 $11 (29. Rxd5 Ng3 30. fxg3 $18) 29... Rxe4
30. Qd3 Rd8 31. Bf3 Rd4 32. Qf1 Qe7 33. Qg2 Rxd1+ $14 (33... Qe6 $5 $11) 34.
Rxd1 {d5 seems the pivot of the position} d4 {Black gains space} 35. Bxb7 c4 $2
$18 (35... Kh8 36. a4 c4 $11) 36. Bd5+ Kh8 37. Bxc4 Qxa3 38. Bd3 Qb3 39. Qf1 (
39. Qf3 $5 Rf8 $18) 39... f4 40. Qe2 Qd5 (40... Qf7 41. Re1 $18) 41. h4 f3 42.
Qe4 {Threatening mate... how?} Qxe4 43. Bxe4 Rb8 44. Rb1 Kg8 (44... Rb6 45.
Bxf3 h6 46. Kf1 $18) 45. Bxf3 {
The passed pawn on f2 will quickly become a dangerous weapon} Kf7 46. Be4 h6
47. f4 Ke7 48. f5 hxg5 49. hxg5 {
The passed pawn on g5 will quickly become a dangerous weapon} Be5 50. b6 d3 51.
Bxd3 Rxb6 52. Rxb6 (52. f6+ $142 $5 {keeps an even firmer grip} Bxf6 53. gxf6+
Rxf6 $18) 52... Bd4+ 53. Kg2 Bxb6 54. Kf3 Bd4 55. Ke4 Bb2 56. Bc4 Bc3 57. Kf4
Kf8 $2 (57... Bd2+ 58. Kg4 Bc3 $18) 58. f6 Bb2 59. Kf5 Bc1 60. g6 Bh6 1-0

[Event "Norwood Centenary"]
[Site "Norwood"]
[Date "1990.04.15"]
[Round "3.6"]
[White "Hannagan, Peter"]
[Black "Sykes, Alexander"]
[Result "1-0"]
[WhiteElo "1650"]
[BlackElo "1890"]
[PlyCount "75"]
[EventDate "1990.04.14"]
[EventType "swiss"]
[EventRounds "6"]
[EventCountry "AUS"]

1. e4 c5 {Sicilian Defence} 2. e5 Nc6 3. f4 d5 $146 (3... d6 4. Nf3 Bg4 5. Bb5
a6 6. Bxc6+ bxc6 7. O-O d5 8. h3 Bd7 9. Nc3 e6 10. d3 Ne7 11. Qe1 h5 12. Nh4
Nf5 13. Nxf5 exf5 14. Nb1 Be7 15. Nd2 Be6 16. Nf3 Qb6 17. c3 c4+ 18. d4 a5 19.
Qf2 Kd7 20. Be3 Rhb8 21. Rab1 a4 22. Qc2 Ra5 23. Nd2 Qa6 24. Rf2 Rab5 25. Nf1
a3 26. b3 cxb3 27. axb3 a2 28. Qxa2 Qxa2 29. Rxa2 Rxb3 30. Ra7+ Kd8 31. Rxb3
Rxb3 32. Bd2 Ra3 33. Rxa3 Bxa3 34. Kf2 Kc7 35. Ne3 Kb6 36. g4 hxg4 37. hxg4 g6
38. gxf5 Bxf5 39. Ke2 Kb5 40. Kd1 Bf8 41. Ke2 {
1/2-1/2 Bilawer,A-Caizapanta,O/OLO-B 1994/GER 08 (41)}) 4. Bb5 h5 5. Bxc6+ bxc6
6. d4 (6. d3 g6 $11) 6... Bf5 7. Nc3 $17 (7. Nf3 $5 $11 {
might be a viable alternative}) 7... e6 $11 (7... cxd4 $5 8. Qxd4 Bxc2 $17) 8.
Nf3 Qc7 9. Be3 cxd4 10. Nxd4 Ne7 11. Nxf5 $15 (11. O-O Rb8 $11) 11... Nxf5 (
11... exf5 $6 12. O-O $11) 12. Bf2 Rb8 13. Rb1 Be7 $11 (13... g5 14. g3 $17)
14. O-O g5 15. fxg5 Bxg5 16. Qe2 $17 (16. Qf3 $5 $15 {is worth looking at})
16... Kd7 $14 (16... Bf4 $142 $17) 17. Na4 Rbg8 18. Nc5+ Ke7 19. Nd3 Rg6 20.
Bc5+ {A sound move} Ke8 21. Nf4 Rg7 22. Nxh5 Rg6 23. Rbe1 Bh4 $14 (23... d4 24.
Qf3 $15) 24. g3 Rgh6 $16 (24... Qa5 25. b4 Qa3 26. c3 $11) 25. Rxf5 $1 {
White should return some of the goodies he has collected} (25. gxh4 Rxh5 26.
Rf4 Nxh4 $17) 25... exf5 26. Ng7+ Kd7 27. Nxf5 Rg6 28. Nxh4 (28. Qf2 Bg5 $16)
28... Rxh4 29. Qf2 Rh7 30. Qf5+ Kd8 31. e6 $11 (31. Re3 Rhg7 32. Ra3 $18) 31...
Rxg3+ 32. Kf1 (32. hxg3 Qxg3+ 33. Kf1 Rh1+ 34. Ke2 Rxe1+ 35. Kd2 Rxe6 $19 (
35... fxe6 $143 36. Qf8+ Kd7 37. Qf7+ Kc8 38. Bf2 Qg5+ 39. Kxe1 Qc1+ 40. Ke2
Qxc2+ 41. Kf1 $16)) 32... Rgh3 $4 $18 {solves nothing} (32... Rg6 $142 $16) 33.
Qg5+ {White plans e7} Kc8 34. e7 {
The passed pawn on e7 quickly leads to threats} Rf3+ 35. Ke2 Qxh2+ 36. Kd1 $1 {
the knock-out blow. Threatening mate: e8Q} (36. Kxf3 $4 {avaricious play} Rh3+
37. Kg4 Rg3+ 38. Kf4 Rb3+ 39. Kg4 Qg3+ 40. Kh5 Qh3+ 41. Qh4 Qf5+ 42. Qg5 Rh3#)
36... Rh8 37. Qg4+ (37. e8=Q+ {and White can already relax} Rxe8 38. Rxe8+ Kb7
39. Re7+ Ka6 40. Rxa7+ Kb5 41. Ra5+ Kc4 42. Qg4+ Rf4 43. Qxf4+ Qxf4 44. Ra4+
Kxc5 45. Rxf4 Kb6 $18) 37... Kb7 38. Qxf3 (38. Qxf3 Re8 39. Qxf7 $18) 1-0

[Event "Norwood Centenary"]
[Site "Norwood"]
[Date "1990.04.15"]
[Round "3.7"]
[White "Lee, Simon"]
[Black "Trice, James"]
[Result "1-0"]
[WhiteElo "1859"]
[BlackElo "1543"]
[PlyCount "41"]
[EventDate "1990.04.14"]
[EventType "swiss"]
[EventRounds "6"]
[EventCountry "AUS"]

1. d4 Nf6 2. e3 b6 3. Nf3 Bb7 4. Bd3 e6 5. Nbd2 {Queen's Indian} Be7 6. O-O O-O
7. c4 $146 (7. c3 d6 8. Qe2 Nbd7 9. e4 c5 10. e5 dxe5 11. dxe5 Nd5 12. Ne4 Qc7
13. Ng3 f6 14. exf6 N7xf6 15. Qxe6+ Kh8 16. Qe2 Rae8 17. Qc2 Bd6 18. Nf5 Bf4
19. Bxf4 Nxf4 20. N5h4 Nxd3 21. Qxd3 Be4 {
Schmitt,M-Fahrenholz,N/GER-chJW U15 1992/TD 93\02/1-0 (75)}) (7. b3 d5 (7... d6
8. Bb2 Nbd7 9. Qe2 c5 10. Rfe1 d5 11. Rad1 Qc7 12. Ne5 Bd6 13. Ndf3 Ne4 14.
Nxd7 Qxd7 15. Ne5 Qc7 16. f3 Nf6 17. Rf1 Rfd8 18. f4 Ne4 19. Qh5 f6 20. Ng4 Qf7
21. Qh4 Rac8 22. Rf3 {Gibiecova,B-Majercikova,L/CSR-chW 1992/TD 93\02/0-1 (39)}
) 8. Bb2 c5 9. Qe2 Nbd7 10. Rac1 Bd6 11. Ne5 Qe7 12. f4 cxd4 13. exd4 Ba3 14.
Bxa3 Qxa3 15. Rce1 Qd6 16. Kh1 Rad8 17. c3 Rc8 18. Rf3 Rc7 19. f5 exf5 20. Bxf5
Re8 21. Re3 Nf8 22. Qf2 Qd8 23. h3 Ree7 24. Qh4 Ng6 25. Bxg6 fxg6 26. Nef3 {
1-0 Remon,A-Gonzales Mata,J/Mexico City 1991/TD 91\09 (26)}) (7. e4 d6 8. Qe2
Nbd7 9. Rd1 c5 10. c3 Qc7 11. Nf1 Rfe8 12. Bg5 Nf8 13. Ng3 Rad8 14. Rac1 a6 15.
a4 Qc8 16. b4 c4 17. Bxc4 Nxe4 18. Nxe4 Bxe4 19. Qxe4 Qxc4 20. Bxe7 Rxe7 21.
Nd2 {1/2-1/2 Spiekermann,U-Trzaska,P/NRW-II 1994/GER 07 (21)}) (7. Qe1 c5 8. c3
d6 9. e4 Ba6 10. Bxa6 Nxa6 11. e5 Nd7 12. Qe4 cxd4 13. cxd4 Nc7 14. Qg4 f6 15.
Nc4 dxe5 16. Bh6 Rf7 17. dxe5 f5 18. Qg3 Kh8 19. Ng5 Bxg5 20. Bxg5 Qb8 21. Nd6
Rf8 22. Be7 {1-0 Kim,D-Wright,P/USA-op Los Angeles 1991/TD 91\09 (22)}) 7... c5
8. b3 Nc6 9. a3 {Prevents intrusion on b4} cxd4 10. exd4 Rc8 11. Bb2 d5 12. Rc1
dxc4 13. bxc4 Bd6 14. Re1 Bb8 15. Qe2 Rc7 16. Ne4 Nxe4 17. Qxe4 {
Threatening mate: Qxh7} g6 18. Qf4 $11 (18. d5 $5 exd5 19. cxd5 $14) 18... Ne7
$2 $16 (18... Na5 $142 $5 {and Black has air to breath} 19. d5 f6 $11) 19. d5
$1 {keeping ahead of the opponent. Do you see the mate threat?} exd5 $4 $18 {
a blunder in a bad position.} (19... f6 $142 20. Rxe6 Nxd5 21. cxd5 Bxd5 22.
Rxc7 Bxc7 $16) 20. Qf6 {Do you see the mate threat?} Rc5 (20... d4 {
hoping against hope} 21. Bxd4 Qxd4 22. Nxd4 Nc6 $18) 21. Qg7# (21. Qxe7 $6 {
is easily refuted} dxc4 22. Rxc4 Bxf3 23. gxf3 Bd6 (23... Qxd3 24. Rxc5 bxc5
25. Qf6 $18) 24. Qxd8 Rxd8 $18) 1-0

[Event "Norwood Centenary"]
[Site "Norwood"]
[Date "1990.04.15"]
[Round "3.8"]
[White "Pointer, Geoffrey"]
[Black "Hatch, John H"]
[Result "0-1"]
[WhiteElo "1364"]
[BlackElo "1604"]
[PlyCount "102"]
[EventDate "1990.04.14"]
[EventType "swiss"]
[EventRounds "6"]
[EventCountry "AUS"]

1. c4 e5 2. Nc3 Nf6 3. Nf3 d6 4. d4 exd4 5. Nxd4 Be7 6. e4 O-O {
Old Indian Defence} 7. Be2 Re8 $146 (7... Bd7 8. O-O Nc6 9. Be3 Re8 10. a3 Rc8
11. Rc1 Bf8 12. f3 {1/2-1/2 Kaiju,K-Sellberg,J/FIN-chT 1991/EXT 91ch2 (12)}) 8.
O-O Nbd7 9. f4 Nc5 {Black launches an attack} 10. e5 {White wins space} dxe5
11. fxe5 Nfe4 12. Nxe4 (12. Bh5 g6 13. Bf3 Nxc3 14. bxc3 c6 $15) 12... Nxe4 13.
Qd3 $17 (13. Rf4 $5 {must be considered} Ng5 14. Nb3 Qxd1+ 15. Bxd1 $15) 13...
Bc5 14. Qxe4 $19 (14. Be3 $5 Rxe5 15. Rad1 $17) 14... Qxd4+ ({Not} 14... Bxd4+
15. Be3 Rxe5 16. Qxd4 Qxd4 17. Bxd4 Rxe2 18. Rfe1 Rxe1+ 19. Rxe1 $17) 15. Qxd4
Bxd4+ 16. Kh1 Rxe5 17. Bd3 Be6 (17... g5 18. h4 h6 19. hxg5 hxg5 20. Kh2 $19)
18. Bf4 Rc5 ({Weaker is} 18... Bxb2 19. Rab1 g5 20. Bxe5 (20. Rxb2 {
is much weaker} gxf4 21. Rxb7 Rd8 $17) 20... Bxe5 21. Rfe1 $14) 19. b4 (19.
Rad1 Rd8 $17 (19... Bxc4 $6 20. Bxc4 Rxc4 21. b3 $14)) 19... Rxc4 20. Bxc4 Bxc4
21. Rfd1 $19 (21. Rad1 $5 Bxf1 22. Rxd4 $17) 21... Bxa1 22. Rxa1 c6 23. a3 Re8
24. Kg1 Re2 25. Bb8 a6 26. Ba7 (26. Bg3 Rd2 $19) 26... Bd5 27. g3 Rg2+ 28. Kf1
Rxh2 29. Bc5 Rh1+ 30. Bg1 Bc4+ 31. Kg2 Bd5+ $4 $11 {
ignoring the path to victory} (31... Rh5 $142 $19 {secures victory}) 32. Kf2 $4
$19 {White loses the upper hand} (32. Kf1 f5 33. Re1 $19) 32... Rh5 33. Ke3 Rf5
34. Kd4 (34. Re1 h5 35. Kd2 Be6 $19) 34... Rf3 35. Kc5 Rxg3 36. Kb6 h5 (36...
a5 $5 {seems even better} 37. Kxb7 axb4 38. axb4 $19) 37. Kxb7 h4 38. Bf2 Rg4
39. Bc5 (39. Rg1 Rf4 40. Be3 $19) 39... h3 40. Bd6 Rg6 41. Bc5 (41. Bh2 {
cannot change destiny} c5+ 42. Kc7 Rc6+ 43. Kd7 cxb4 44. axb4 Rc2 $19) 41... h2
42. Kxa6 h1=Q 43. Rxh1 Bxh1 44. a4 Bd5 45. a5 Re6 46. Kb7 Re8 (46... Bc4 $142
$19 {secures the win}) 47. a6 f5 48. Bd6 (48. a7 $19) 48... c5+ 49. Kb6 (49.
Kc7 {doesn't change the outcome of the game} cxb4 50. Bxb4 Kf7 $19) 49... cxb4
50. Bxb4 Rb8+ (50... Re6+ {keeps an even firmer grip} 51. Kb5 Bf3 52. a7 Be2+
53. Kc5 $19) 51. Kc5 Rxb4 (51... Rxb4 52. Kxb4 g5 $19) (51... Be4 $142 {
and Black wins} 52. a7 Ra8 53. Kb6 $19) 0-1

[Event "Norwood Centenary"]
[Site "Norwood"]
[Date "1990.04.15"]
[Round "3.9"]
[White "McLean, John"]
[Black "Balazs, David"]
[Result "1-0"]
[WhiteElo "1616"]
[BlackElo "1330"]
[PlyCount "83"]
[EventDate "1990.04.14"]
[EventType "swiss"]
[EventRounds "6"]
[EventCountry "AUS"]

1. g4 {Grob} Nc6 (1... d6 2. h3 g6 (2... c6 3. Bg2 g6 4. c3 Bg7 5. d4 Nf6 6. f4
Qc7 7. e4 b5 8. Ne2 Bb7 9. O-O Nbd7 10. Be3 Nb6 11. Nd2 Nfd7 12. Rc1 d5 13. b3
dxe4 14. Nxe4 Nd5 15. Bf2 N7f6 16. Bg3 Nxe4 17. Bxe4 Nf6 18. Bg2 O-O 19. f5 Qa5
20. Rc2 Rad8 21. Qc1 Nd5 22. Kh2 Bc8 23. Be4 Qb6 24. b4 Rfe8 25. fxg6 hxg6 26.
Qg5 Bf6 27. Qh6 Bg7 28. Qg5 Bf6 29. Qc1 Bg7 30. Qg5 {
1/2-1/2 Muellen,A-Kessler,A/RL-ch Kettig 1994/GER 09 (30)}) 3. Bg2 Bg7 4. c4
Nf6 5. Nc3 c6 6. Nf3 Nbd7 7. d3 a6 8. Be3 e5 9. Rc1 Qe7 10. b4 O-O 11. Qd2 Re8
12. Ng5 Nf8 13. Nce4 Nxe4 14. Nxe4 f5 15. gxf5 gxf5 16. Bg5 Qe6 17. Nc3 Qg6 18.
Rg1 Ne6 19. Bh4 Kh8 20. Kf1 Qh5 21. Bg3 Bh6 22. e3 f4 23. Ne4 Rf8 {
0-1 Wall,T-McDonald,N/Barnsdale YM 1989/TD 89\14 (23)}) (1... Na6 2. Bg2 Nb4 3.
g5 h6 4. d3 Rb8 5. Kf1 d5 6. a4 Qd6 7. a5 Qa6 8. h4 Be6 9. Be3 f5 10. f3 g6 11.
Nh3 Rh7 12. Nd2 Rf7 13. Nf2 Bg7 14. c3 d4 15. cxd4 Bd5 {
1/2-1/2 Koval,D-Cimra,J/SVK-ch 1993/TD 93\10 (15)}) 2. Bg2 d6 $11 (2... d5 3.
h3 $15) 3. e4 e5 4. c3 {Controls b4+d4} g6 $11 (4... Be6 5. h3 $15) 5. Na3 Bg7
6. h3 Nge7 7. Ne2 b6 (7... d5 8. exd5 Nxd5 9. d4 exd4 10. cxd4 $15) 8. d3 Bb7
9. Nc2 Qd7 10. Ng3 O-O-O (10... d5 11. Qf3 Rd8 12. Be3 $11) 11. d4 $15 (11. Ne3
h6 $11) 11... exd4 $11 (11... d5 12. dxe5 dxe4 13. Qxd7+ Rxd7 14. e6 fxe6 15.
Nxe4 $15) 12. cxd4 Rhf8 $14 (12... Rhe8 13. f4 $11) 13. O-O $11 {
White should quickly conclude development.} (13. d5 Ne5 $11) 13... f5 14. d5 {
This push gains space} Ne5 15. f4 $15 (15. Nd4 Ba6 16. Ne6 fxg4 17. hxg4 Bxf1
18. Nxf1 Rg8 $11) 15... Nf7 16. g5 $17 {White gains space} (16. exf5 $142 $5 {
must definitely be considered} gxf5 17. Ne3 fxg4 18. hxg4 $11) 16... fxe4 17.
Ne3 Nf5 18. Kh2 $19 (18. Nxe4 $142 $5 Bxb2 19. Rb1 $17) 18... Bxb2 19. Rb1 Bxc1
20. Ngxf5 gxf5 21. Rxc1 Nh8 22. Qc2 Ng6 23. Kg3 (23. Qc4 Rde8 $19) 23... Qe7 (
23... h6 24. h4 $19) 24. h4 {White is in command} h5 $4 $16 {
Black lets it slip away} (24... Kb8 $142 $19 {with excellent chances for Black}
) 25. Bh3 Kb8 26. Bxf5 {The passed pawn on f4 quickly leads to threats} ({
Less advisable is} 26. Nxf5 Qf7 27. Ne3 Ba6 $11) 26... Rg8 27. Be6 (27. Qxe4
Qxe4 28. Bxe4 Rde8 29. Bxg6 Rxe3+ 30. Kf2 Ra3 31. Bxh5 Rf8 $16) 27... Rg7 $2
$18 (27... Rgf8 $142 $16) 28. Nf5 (28. Qxe4 $6 Qe8 $18) 28... Qf8 29. Nxg7 Qxg7
30. Qxe4 (30. f5 $5 {makes it even easier for White} Ba6 31. f6 Qf8 32. Qxc7+
Ka8 $18) 30... Re8 31. Rf2 Ne7 32. Qc4 Nxd5 (32... Ng6 $18) 33. Bxd5 Re3+ 34.
Rf3 Qd7 (34... Bxd5 {praying for a miracle} 35. Qxd5 Re8 $18) 35. Rxe3 Qg4+ (
35... Bxd5 {otherwise it's curtains at once} 36. Qxd5 Qg4+ 37. Kf2 Qxh4+ 38.
Ke2 Qg4+ 39. Kd3 Qd7 $18) 36. Kf2 {Threatening mate... how?} Qxh4+ 37. Rg3 Qh2+
38. Rg2 (38. Bg2 $142 {and White wins} c6 39. Qg8+ Kc7 $18) 38... Qh4+ 39. Kg1
{Threatening mate... how?} c6 40. Bxc6 {The mate threat is Bxb7.} Qh3 41. Rc3 (
41. Bxb7 Qe3+ 42. Kh1 Qc5 43. Ba6 Kc7 44. Qf7+ Kd8 45. Re1 Qe5 46. Rxe5 dxe5
47. Rd2#) 41... Qh4 42. Rgg3 (42. Rgg3 Qxg3+ 43. Rxg3 Bxc6 44. Qxc6 a5 45. Rb3
Ka7 46. Qxb6+ Ka8 47. Qxa5#) (42. Qe6 Qxf4 43. Qe8+ Bc8 44. Be4 Qe3+ 45. Rxe3
a6 46. Rc2 h4 47. Rxc8+ Ka7 48. Qe7#) 1-0